[Event "1st Abu Dhabi Super Blitz"]
[Site "chess.com INT"]
[Date "2020.04.15"]
[Round "8"]
[White "Gabrielian, Artur"]
[Black "Tsydypov, Zhamsaran"]
[Result "0-1"]
[WhiteTitle "GM"]
[BlackTitle "GM"]
[WhiteElo "2463"]
[BlackElo "2558"]
[WhiteFideId "4131002"]
[BlackFideId "4108566"]
[EventDate "2020.04.15"]
[EventType "blitz"]

1. d4 Nf6 2. Nf3 g6 3. Bf4 Bg7 4. e3 O-O 5. h3 d6 6. Nbd2 Nc6 7. Be2 Qe8 8. O-O
e5 9. Bh2 e4 10. Ne1 Ne7 11. c4 Nf5 12. b4 h5 13. c5 Qe7 14. Rc1 Nd5 15. Qb3 Nf6
16. d5 Bh6 17. Nc2 dxc5 18. bxc5 Rd8 19. Bc4 Rb8 20. Rfd1 b5 21. d6 cxd6 22.
cxd6 Nxd6 23. Nd4 Rb6 24. Bf1 Bd7 25. Rc7 a6 26. a4 Nfe8 27. a5 Rb7 28. Nc6 Bxc6
29. Rxe7 Rxe7 30. Nb1 Red7 31. Nc3 Nb7 32. Rxd7 Rxd7 33. Qb4 Bf8 34. Qb1 Nc5 35.
Be2 Nd3 36. f3 f5 37. fxe4 fxe4 38. Bg3 Bc5 39. Kh2 Kf7 40. Qb3+ Ke7 41. Qg8 Nf6
42. Qxg6 Bxe3 43. Bh4 Bd4 44. Nd1 Nf4 45. Qg5 Nxe2 46. Ne3 Kf7 47. Nf5 Be5+ 48.
g3 Ke6 49. Ng7+ Kd5 50. Nf5 Nd4 51. Ne3+ Ke6 52. Qh6 Nf3+ 53. Kg2 Rd2+ 54. Kf1
b4 55. g4 Bb5+ 56. Nc4 Bxc4# 0-1

[Event "1st Abu Dhabi Super Blitz"]
[Site "chess.com INT"]
[Date "2020.04.15"]
[Round "8"]
[White "Gozzoli, Yannick"]
[Black "Bruzon Batista, Lazaro"]
[Result "0-1"]
[WhiteTitle "GM"]
[BlackTitle "GM"]
[WhiteElo "2600"]
[BlackElo "2644"]
[WhiteFideId "616915"]
[BlackFideId "3503739"]
[EventDate "2020.04.15"]
[EventType "blitz"]

1. d4 Nf6 2. Nf3 e6 3. Bg5 h6 4. Bxf6 Qxf6 5. e4 d6 6. c3 Nd7 7. a4 Qd8 8. Nbd2
g6 9. a5 Bg7 10. Bd3 e5 11. dxe5 dxe5 12. O-O Nc5 13. Bc4 O-O 14. Qc2 c6 15. b4
Ne6 16. g3 h5 17. h4 Qe7 18. Rad1 Bf6 19. Kg2 Nc7 20. Qd3 b5 21. axb6 axb6 22.
Qe3 b5 23. Bb3 Bg4 24. Ra1 Kg7 25. Nh2 Bd7 26. Nhf3 Ne6 27. Ra7 Rxa7 28. Qxa7
Nd4 29. Ra1 Nxb3 30. Nxb3 Qe6 31. Nc5 Qh3+ 32. Kg1 Bg4 33. Nh2 g5 34. hxg5 Bxg5
35. Qc7 Re8 36. Ra7 Re7 37. Qb6 Rxa7 38. Qxa7 h4 39. gxh4 Bf4 40. Nxg4 Qxg4+ 41.
Kf1 Qd1+ 42. Kg2 Qg4+ 43. Kf1 Bd2 44. Qd7 Qxd7 45. Nxd7 Bxc3 46. Nb8 Bxb4 47.
Nxc6 Bd6 48. Ke2 Kg6 49. Kf3 Kh5 50. Kg3 b4 51. Na5 f6 52. Nb3 Bc7 53. Nd2 Bb6
54. Nb3 Bd4 55. Nd2 Bc3 56. Nb3 Bb2 57. Nc5 Bc1 58. Nb3 Bf4+ 59. Kh3 Kg6 60. Nc5
f5 61. f3 Kf6 62. exf5 Be3 63. Nb3 Kxf5 64. h5 Kg5 65. h6 Kxh6 66. Kg4 Kg6 67.
Na5 Bf4 68. Nb3 Kf6 69. Nc5 Ke7 70. Kf5 Kd6 71. Nd3 b3 72. Ke4 Kc6 73. Nb2 Kb5
74. Kd3 Kb4 75. Nc4 Bg3 76. Nd2 Ka3 77. Nc4+ Ka2 78. Kc3 Bf4 79. Kd3 b2 0-1

[Event "1st Abu Dhabi Super Blitz"]
[Site "chess.com INT"]
[Date "2020.04.15"]
[Round "9"]
[White "Quparadze, Giga"]
[Black "Nepomniachtchi, Ian"]
[Result "0-1"]
[WhiteTitle "GM"]
[BlackTitle "GM"]
[WhiteElo "2463"]
[BlackElo "2784"]
[WhiteFideId "13602250"]
[BlackFideId "4168119"]
[EventDate "2020.04.15"]
[EventType "blitz"]

1. e4 e6 2. d4 d5 3. Nd2 c5 4. Ngf3 cxd4 5. Nxd4 Nc6 6. Bb5 Bd7 7. Nxc6 bxc6 8.
Bd3 Qc7 9. b3 Bd6 10. Bb2 Ne7 11. Qe2 Ng6 12. g3 O-O 13. h4 Be5 14. Bxe5 Nxe5
15. O-O f5 16. exf5 exf5 17. Nf3 Rae8 18. Rae1 Ng4 19. Qd2 Rxe1 20. Rxe1 f4 21.
Ng5 h6 22. Nh7 fxg3 23. f3 Rxf3 24. Qe2 Qb6+ 25. Kh1 Re3 26. Qd2 Nf2+ 27. Kg2
Bh3+ 0-1

[Event "1st Abu Dhabi Super Blitz"]
[Site "chess.com INT"]
[Date "2020.04.15"]
[Round "9"]
[White "Gretarsson, Hjorvar Steinn"]
[Black "Svidler, Peter"]
[Result "0-1"]
[WhiteTitle "GM"]
[BlackTitle "GM"]
[WhiteElo "2579"]
[BlackElo "2723"]
[WhiteFideId "2302241"]
[BlackFideId "4102142"]
[EventDate "2020.04.15"]
[EventType "blitz"]

1. c4 g6 2. d4 Nf6 3. Nf3 Bg7 4. g3 c5 5. d5 d6 6. Nc3 O-O 7. Bg2 e6 8. O-O exd5
9. cxd5 Re8 10. Bf4 Bf5 11. Nh4 Bc8 12. Nf3 Ne4 13. Nxe4 Rxe4 14. Nd2 Rb4 15. a3
Rxf4 16. gxf4 Bxb2 17. Ra2 Bg7 18. e4 Nd7 19. a4 Bh6 20. Qf3 Qh4 21. Qg3 Qf6 22.
f5 b6 23. f4 Ba6 24. e5 dxe5 25. Ne4 Qxf5 26. fxe5 Bxf1 27. Rf2 Qxe5 28. Nf6+
Kg7 29. Nxd7 Qxg3 30. hxg3 Bxg2 31. Kxg2 Rd8 32. Ne5 f6 33. Ng4 f5 0-1

[Event "1st Abu Dhabi Super Blitz"]
[Site "chess.com INT"]
[Date "2020.04.15"]
[Round "9"]
[White "Maghsoodloo, Parham"]
[Black "Vazquez, Guillermo"]
[Result "1-0"]
[WhiteTitle "GM"]
[BlackTitle "IM"]
[WhiteElo "2676"]
[BlackElo "2527"]
[WhiteFideId "12539929"]
[BlackFideId "3702308"]
[EventDate "2020.04.15"]
[EventType "blitz"]

1. d4 Nf6 2. c4 e6 3. Nf3 d5 4. g3 dxc4 5. Bg2 Nc6 6. O-O Rb8 7. Nc3 b5 8. Ne5
Nxe5 9. dxe5 Nd7 10. Bc6 a6 11. Qd4 Bb7 12. Bxb7 Rxb7 13. Rd1 c5 14. Qg4 Qc7 15.
Bf4 Qc6 16. f3 h5 17. Qh3 Be7 18. Ne4 Nb6 19. Nd6+ Kf8 20. Nxb7 Qxb7 21. e4 Nd7
22. Rd2 Qc7 23. Rad1 Nb6 24. Qg2 h4 25. gxh4 g6 26. Bg5 Qxe5 27. f4 Qc7 28. f5
f6 29. Be3 gxf5 30. Kh1 f4 31. Bf2 e5 32. Rg1 Rxh4 33. Qg8# 1-0

[Event "1st Abu Dhabi Super Blitz"]
[Site "chess.com INT"]
[Date "2020.04.15"]
[Round "9"]
[White "Bortnyk, Olexandr"]
[Black "Sychev, Klementy"]
[Result "1-0"]
[WhiteTitle "GM"]
[BlackTitle "GM"]
[WhiteElo "2598"]
[BlackElo "2572"]
[WhiteFideId "14120828"]
[BlackFideId "4114060"]
[EventDate "2020.04.15"]
[EventType "blitz"]

1. d4 Nf6 2. Nc3 d5 3. Bf4 c5 4. e4 cxd4 5. Qxd4 Nc6 6. Bb5 Bd7 7. Bxc6 Bxc6 8.
e5 Nd7 9. e6 fxe6 10. Nf3 Qb6 11. Ne2 h6 12. h4 Rg8 13. O-O-O g6 14. Rhe1 Bg7
15. Qxb6 axb6 16. Ned4 Rxa2 17. Kb1 Ra4 18. Rxe6 Kf7 19. Rde1 Bf6 20. Bxh6 Rga8
21. Nb3 d4 22. Ng5+ Kg8 23. Rxe7 Bxe7 24. Rxe7 Bd5 25. Rg7+ Kh8 26. Rh7+ Kg8 27.
Rxd7 Bc4 28. Ne4 Bxb3 29. Nf6+ 1-0

[Event "1st Abu Dhabi Super Blitz"]
[Site "chess.com INT"]
[Date "2020.04.15"]
[Round "9"]
[White "Andreikin, Dmitry"]
[Black "Sarana, Alexey"]
[Result "1-0"]
[WhiteTitle "GM"]
[BlackTitle "GM"]
[WhiteElo "2726"]
[BlackElo "2654"]
[WhiteFideId "4158814"]
[BlackFideId "24133795"]
[EventDate "2020.04.15"]
[EventType "blitz"]

1. e4 c5 2. Nf3 d6 3. d4 cxd4 4. Nxd4 Nf6 5. Nc3 a6 6. h3 e5 7. Nde2 b5 8. g4 b4
9. Nd5 Nxd5 10. Qxd5 Ra7 11. Ng3 Be6 12. Qd1 g6 13. Be3 Rd7 14. Bg2 Be7 15. b3
O-O 16. Nf5 Bg5 17. Qd2 Bxe3 18. Qxe3 Nc6 19. O-O-O Qa5 20. Kb1 Rc8 21. Qg5 Bxf5
22. exf5 Nd4 23. fxg6 hxg6 24. Rxd4 Rxc2 25. a4 Rxf2 26. Rd2 Rf4 27. Rf1 Rxf1+
28. Bxf1 Qc5 29. Rc2 Qg1 30. Qf6 Kh7 31. Rc8 1-0

[Event "1st Abu Dhabi Super Blitz"]
[Site "chess.com INT"]
[Date "2020.04.15"]
[Round "9"]
[White "Akobian, Varuzhan"]
[Black "Fedoseev, Vladimir3"]
[Result "1-0"]
[WhiteTitle "GM"]
[BlackTitle "GM"]
[WhiteElo "2614"]
[BlackElo "2678"]
[WhiteFideId "13300580"]
[BlackFideId "24130737"]
[EventDate "2020.04.15"]
[EventType "blitz"]

1. d4 d5 2. c4 c6 3. cxd5 cxd5 4. Nf3 Nf6 5. Nc3 a6 6. Bf4 Nc6 7. Rc1 Bf5 8. e3
e6 9. Qb3 Ra7 10. Be2 Be7 11. O-O Nh5 12. Be5 O-O 13. h3 Nf6 14. Bf4 Na5 15. Qd1
b5 16. Ne5 Qa8 17. a4 b4 18. Nb1 Rc8 19. Nd2 h6 20. g4 Bh7 21. h4 Bd6 22. g5
Rxc1 23. Qxc1 Rc7 24. Qe1 hxg5 25. hxg5 Ne8 26. g6 Bxg6 27. Nxg6 fxg6 28. Bd3
Qd8 29. Nf3 Qf6 30. Kg2 Nc4 31. Bg5 Qf7 32. b3 Na3 33. Bxa6 Nf6 34. Bxf6 Qxf6
35. Bd3 e5 36. dxe5 Bxe5 37. Qxb4 Rf7 38. Qg4 Bb8 39. Rc1 Rf8 40. Rc8 d4 41.
Rxf8+ Qxf8 42. exd4 Bd6 43. Qxg6 Qe7 44. a5 Bb8 45. a6 Qc7 46. Qe6+ 1-0

[Event "1st Abu Dhabi Super Blitz"]
[Site "chess.com INT"]
[Date "2020.04.15"]
[Round "9"]
[White "Paravyan, David"]
[Black "Cori, Jorge"]
[Result "1-0"]
[WhiteTitle "GM"]
[BlackTitle "GM"]
[WhiteElo "2653"]
[BlackElo "2652"]
[WhiteFideId "4194985"]
[BlackFideId "3802272"]
[EventDate "2020.04.15"]
[EventType "blitz"]

1. e4 c5 2. Nf3 e6 3. d4 cxd4 4. Nxd4 Nc6 5. Nc3 Qc7 6. a3 a6 7. Be3 Nf6 8. f4
d6 9. Qf3 Be7 10. O-O-O O-O 11. Nxc6 Qxc6 12. Be2 Rb8 13. Ba7 Ra8 14. Bd4 Bd7
15. g4 e5 16. fxe5 dxe5 17. Bxe5 Bxg4 18. Qg2 Bxe2 19. Nd5 Rfe8 20. Rhg1 Ng4 21.
Bxg7 Bg5+ 22. Kb1 Bxd1 23. Bc3 Qe6 24. Rxd1 Qxe4 25. Qg1 Rad8 26. Rf1 Rxd5 27.
h3 h5 28. hxg4 Qxg4 29. Qh1 1-0

[Event "1st Abu Dhabi Super Blitz"]
[Site "chess.com INT"]
[Date "2020.04.15"]
[Round "9"]
[White "Le, Quang Liem"]
[Black "Cvitan, Ognjen"]
[Result "0-1"]
[WhiteTitle "GM"]
[BlackTitle "GM"]
[WhiteElo "2709"]
[BlackElo "2467"]
[WhiteFideId "12401137"]
[BlackFideId "14500086"]
[EventDate "2020.04.15"]
[EventType "blitz"]

1. e4 c5 2. Nf3 d6 3. d4 cxd4 4. Nxd4 Nf6 5. Nc3 g6 6. Be3 Bg7 7. f3 O-O 8. Qd2
Nc6 9. Bc4 Bd7 10. O-O-O Rc8 11. Bb3 Nxd4 12. Bxd4 b5 13. Nd5 Nxd5 14. Bxg7 Kxg7
15. exd5 a5 16. a3 Kg8 17. Rhe1 Rc5 18. g4 b4 19. axb4 axb4 20. Qxb4 Qa8 21. Qd4
Rb8 22. Rd3 Qa1+ 23. Kd2 Qa5+ 24. Kd1 Rb4 25. Qe3 Qa1+ 26. Qc1 Qa7 27. Qd2 Qa1+
28. Ke2 Qa5 29. Kf2 Ba4 30. Rxe7 Qb6 31. Kg3 Bxb3 32. cxb3 Rxb3 33. Rxb3 Qxb3
34. Qf4 Qxd5 35. Qf6 Rc8 36. b4 Rf8 37. Rd7 Qd1 38. Qxd6 Qg1+ 39. Kh3 Qf1+ 40.
Kg3 Qg1+ 41. Kh4 h6 42. Rd8 Qf2+ 43. Kh3 Qxf3+ 44. Qg3 Qxg3+ 45. Kxg3 Rxd8 0-1

[Event "1st Abu Dhabi Super Blitz"]
[Site "chess.com INT"]
[Date "2020.04.15"]
[Round "9"]
[White "Le, Tuan Minh"]
[Black "Pichot, Alan"]
[Result "1-0"]
[WhiteTitle "IM"]
[BlackTitle "GM"]
[WhiteElo "2501"]
[BlackElo "2630"]
[WhiteFideId "12401153"]
[BlackFideId "110973"]
[EventDate "2020.04.15"]
[EventType "blitz"]

1. d4 Nf6 2. c4 e6 3. Nf3 d5 4. Nc3 dxc4 5. e4 b5 6. e5 Nd5 7. Nxb5 Nb6 8. Be2
Nc6 9. O-O Be7 10. Qd2 Bb7 11. Qf4 Qd7 12. Nc3 f5 13. exf6 gxf6 14. b3 O-O-O 15.
bxc4 Rhg8 16. Rd1 Na5 17. d5 e5 18. Qe4 f5 19. Qxe5 Naxc4 20. Bxc4 Nxc4 21. Qd4
Rg4 22. Qxa7 f4 23. Rb1 Nb6 24. Ne5 Rxg2+ 25. Kxg2 Rg8+ 26. Kh1 Qh3 27. Rg1
Rxg1+ 28. Kxg1 f3 29. Nxf3 Qg4+ 30. Kf1 Qxf3 31. Be3 Bf6 32. Rxb6 cxb6 33. Qa3
Qh3+ 34. Ke1 Qd7 35. Qf8+ Qd8 36. Qb4 Qc7 37. Na4 b5 38. Nb6+ Kb8 39. Qf8+ Ka7
40. Na8+ 1-0

[Event "1st Abu Dhabi Super Blitz"]
[Site "chess.com INT"]
[Date "2020.04.15"]
[Round "9"]
[White "Baklan, Vladimir"]
[Black "Grischuk, Alexander"]
[Result "0-1"]
[WhiteTitle "GM"]
[BlackTitle "GM"]
[WhiteElo "2587"]
[BlackElo "2777"]
[WhiteFideId "14102196"]
[BlackFideId "4126025"]
[EventDate "2020.04.15"]
[EventType "blitz"]

1. e4 c5 2. Nf3 d6 3. d4 cxd4 4. Nxd4 Nf6 5. Nc3 a6 6. h3 e6 7. g4 Be7 8. g5
Nfd7 9. h4 b5 10. a3 Bb7 11. Be3 Nc6 12. Rg1 O-O 13. Nxc6 Bxc6 14. Qd4 Nc5 15.
f3 Rb8 16. h5 a5 17. h6 e5 18. Qd2 g6 19. Nd5 Bxd5 20. Qxd5 Qc7 21. Bh3 b4 22.
axb4 Rxb4 23. Ra2 Rfb8 24. b3 a4 25. bxa4 Nxa4 26. Qd2 Nc5 27. Ke2 Nxe4 28. Ra7
Qxa7 29. Bxa7 Nxd2 30. Bxb8 Nxf3 31. Kxf3 Rxb8 32. Ke4 Kf8 33. Kd5 Ke8 34. Kc6
Rb4 35. Ra1 Rc4+ 36. Kd5 Rc5+ 37. Ke4 Bxg5 38. Ra8+ Ke7 39. Ra7+ Kf6 40. Rd7 d5+
41. Rxd5 Rxd5 42. Kxd5 Bxh6 43. c4 Be3 44. c5 Bxc5 45. Kxc5 Kg5 46. Kd5 Kf4 0-1

[Event "1st Abu Dhabi Super Blitz"]
[Site "chess.com INT"]
[Date "2020.04.15"]
[Round "9"]
[White "Andriasian, Zaven"]
[Black "Dubov, Daniil"]
[Result "1/2-1/2"]
[WhiteTitle "GM"]
[BlackTitle "GM"]
[WhiteElo "2606"]
[BlackElo "2699"]
[WhiteFideId "13302000"]
[BlackFideId "24126055"]
[EventDate "2020.04.15"]
[EventType "blitz"]

1. e4 c5 2. Nc3 g6 3. g3 Bg7 4. Bg2 Nc6 5. d3 d6 6. f4 e5 7. Nf3 Nge7 8. O-O Nd4
9. Nh4 exf4 10. gxf4 Nec6 11. Nf3 Bg4 12. Nd5 Qd7 13. c3 Nxf3+ 14. Bxf3 Bxf3 15.
Qxf3 f5 16. exf5 gxf5 17. Qh5+ Kf8 18. Bd2 Qf7 19. Qf3 Bf6 20. Kh1 Rg8 21. Rg1
Rg6 22. Ne3 Bg7 23. Qh3 Ne7 24. Rg3 Re8 25. Rag1 Kg8 26. a3 d5 27. Qg2 Rxg3 28.
Qxg3 Kh8 29. Qf3 Bf6 30. Be1 d4 31. Nc4 Rd8 32. cxd4 Bxd4 33. Bc3 Nc6 34. Bxd4+
Rxd4 35. h3 Qd5 36. Qxd5 Rxd5 37. Rg3 b5 38. Ne3 Rxd3 39. Nxf5 Rxg3 40. Nxg3 Na5
41. Ne4 Nc4 42. b3 Nxa3 43. Nxc5 Nc2 44. Kg2 Nd4 45. Kf2 Kg7 46. Ke3 Nc6 47. Ke4
a5 48. Kd5 Ne7+ 49. Ke6 Ng6 50. f5 Nf4+ 51. Ke7 Nd5+ 52. Ke6 Nf4+ 53. Ke7 Nd5+
54. Ke6 Nf4+ 1/2-1/2

[Event "1st Abu Dhabi Super Blitz"]
[Site "chess.com INT"]
[Date "2020.04.15"]
[Round "9"]
[White "Deac, Bogdan-Daniel"]
[Black "Sargsyan, Shant"]
[Result "0-1"]
[WhiteTitle "GM"]
[BlackTitle "GM"]
[WhiteElo "2625"]
[BlackElo "2594"]
[WhiteFideId "1226380"]
[BlackFideId "13306766"]
[EventDate "2020.04.15"]
[EventType "blitz"]

1. e4 e5 2. Nf3 Nc6 3. Bb5 a6 4. Ba4 Nf6 5. O-O Nxe4 6. d4 b5 7. Bb3 d5 8. dxe5
Be6 9. Nbd2 Be7 10. c3 O-O 11. Bc2 f5 12. exf6 Nxf6 13. Re1 Bg4 14. h3 Bh5 15.
Qe2 Qd7 16. Qe6+ Qxe6 17. Rxe6 Bd6 18. g4 Bf7 19. Re1 Rfe8 20. Nb3 Rxe1+ 21.
Nxe1 Re8 22. Nf3 b4 23. Nbd4 Nxd4 24. cxd4 c5 25. a3 cxd4 26. axb4 Bxb4 27. Rxa6
Bc5 28. Rc6 Ba7 29. b4 Bg6 30. Bxg6 hxg6 31. Rc7 Bb8 32. Rb7 d3 33. Be3 Ne4 34.
Rd7 Nc3 35. Kf1 Be5 36. b5 Bf6 37. b6 Kh7 38. b7 d4 39. Bxd4 Bxd4 40. Rxd4 Rb8
41. Rxd3 Nb5 42. Rd7 Kh6 43. Ne5 Nd4 0-1

[Event "1st Abu Dhabi Super Blitz"]
[Site "chess.com INT"]
[Date "2020.04.15"]
[Round "9"]
[White "Gajewski, Grzegorz"]
[Black "Bocharov, Dmitry"]
[Result "0-1"]
[WhiteTitle "GM"]
[BlackTitle "GM"]
[WhiteElo "2618"]
[BlackElo "2524"]
[WhiteFideId "1116207"]
[BlackFideId "4138716"]
[EventDate "2020.04.15"]
[EventType "blitz"]

1. Nf3 c5 2. e4 d6 3. d4 cxd4 4. Nxd4 Nf6 5. Nc3 a6 6. g3 g6 7. Bg2 Bg7 8. O-O
O-O 9. Be3 Nc6 10. h3 Bd7 11. Nd5 Rb8 12. Nxf6+ Bxf6 13. c3 b5 14. Qe2 Qc7 15.
a3 Ne5 16. Rad1 Qc4 17. Qc2 Rfc8 18. f4 Nc6 19. Qf2 Be8 20. Rfe1 Na5 21. h4 Qc7
22. h5 Nc4 23. Bc1 a5 24. hxg6 hxg6 25. Bh3 Bd7 26. f5 Kg7 27. Kg2 Rh8 28. Rh1
Qb7 29. Rde1 Ne5 30. fxg6 Nd3 31. Nf5+ Bxf5 32. Qxf5 fxg6 33. Qg4 Nxe1+ 34. Rxe1
Rbf8 35. Bf4 Be5 36. Bxe5+ dxe5 37. Qe6 Qc7 38. Rd1 Rd8 39. Rd5 Rxd5 40. exd5
Qd6 41. Qxd6 exd6 42. Bd7 Rb8 43. Kf3 Kf6 44. Ke4 Ke7 45. Bc6 b4 46. cxb4 axb4
47. a4 Rb6 48. Kd3 Kd8 49. Kc4 Kc7 50. Bb5 Rb8 51. Kxb4 Rf8 52. Ka5 Rf2 53. b4
e4 54. Ka6 e3 55. a5 Rb2 0-1

[Event "1st Abu Dhabi Super Blitz"]
[Site "chess.com INT"]
[Date "2020.04.15"]
[Round "9"]
[White "Demidov, Mikhail"]
[Black "Florescu, Codrut-Constantin"]
[Result "1/2-1/2"]
[WhiteTitle "GM"]
[BlackTitle "IM"]
[WhiteElo "2519"]
[BlackElo "2293"]
[WhiteFideId "4197143"]
[BlackFideId "1202200"]
[EventDate "2020.04.15"]
[EventType "blitz"]

1. e4 c5 2. Nc3 Nc6 3. Bc4 e6 4. a3 Nf6 5. Ba2 d5 6. d3 dxe4 7. Nxe4 Nxe4 8.
dxe4 Qxd1+ 9. Kxd1 b6 10. f3 Ba6 11. Be3 O-O-O+ 12. Kc1 Be7 13. Nh3 Rd7 14. c3
Ne5 15. Rd1 Rxd1+ 16. Kxd1 Bf1 17. Nf4 g5 18. Kc2 gxf4 19. Bxf4 Ng6 20. Rxf1
Nxf4 21. g3 Ng6 22. f4 Rd8 23. h4 Nf8 24. Bc4 Kb7 25. e5 Nd7 26. g4 Bxh4 27. Rh1
Bg3 28. Rxh7 Bxf4 29. Rxf7 Bxe5 30. Bxe6 Kc6 31. g5 Kd6 32. Bf5 a5 33. g6 b5 34.
g7 Bxg7 35. Rxg7 Ne5 36. Rb7 Rf8 37. Be4 Rf2+ 38. Kc1 b4 39. axb4 axb4 40. cxb4
cxb4 41. Rxb4 Kc5 42. Ra4 Nc4 43. Ra8 Rxb2 44. Bd3 Rb3 45. Rc8+ Kd4 46. Bxc4
Rc3+ 47. Kd2 Rxc4 48. Rxc4+ Kxc4 1/2-1/2

[Event "1st Abu Dhabi Super Blitz"]
[Site "chess.com INT"]
[Date "2020.04.15"]
[Round "9"]
[White "Yilmaz, Mustafa"]
[Black "Roiz, Michael"]
[Result "0-1"]
[WhiteTitle "GM"]
[BlackTitle "GM"]
[WhiteElo "2630"]
[BlackElo "2583"]
[WhiteFideId "6302718"]
[BlackFideId "2804158"]
[EventDate "2020.04.15"]
[EventType "blitz"]

1. d4 Nf6 2. c4 e6 3. Nf3 d5 4. Nc3 Bb4 5. Bg5 h6 6. Bxf6 Qxf6 7. Qa4+ Nc6 8. e3
O-O 9. Rc1 Qg6 10. Qc2 Qxc2 11. Rxc2 Bd6 12. a3 dxc4 13. Ne4 e5 14. d5 Ne7 15.
Bxc4 Bf5 16. Nfd2 Rfd8 17. Ke2 Rac8 18. Rhc1 c6 19. dxc6 Rxc6 20. Bd3 Rxc2 21.
Rxc2 Bb8 22. Nc5 Bg4+ 23. f3 Bc8 24. b4 Kf8 25. Bc4 b6 26. Na6 Bd6 27. Ne4 Bf5
28. Bd3 Bxe4 29. Bxe4 f5 30. Bd3 g6 31. Bc4 f4 32. Rd2 Nf5 33. e4 Nd4+ 34. Kd1
Ke7 35. Rd3 Rc8 36. Bb3 g5 37. a4 h5 38. h3 Rc6 39. Bd5 Rc8 40. Bb7 Rc4 41. Bd5
Rc8 42. Bb7 Rg8 43. Bd5 Rd8 44. Rc3 Rh8 45. Nc7 g4 46. fxg4 hxg4 47. Nb5 f3 48.
hxg4 Rh1+ 49. Kd2 fxg2 50. Nxd4 g1=Q 51. Nf5+ Kf6 52. Nxd6 Qd1+ 53. Ke3 Rh3+ 54.
Kf2 Qd2+ 55. Kg1 Rxc3 0-1

[Event "1st Abu Dhabi Super Blitz"]
[Site "chess.com INT"]
[Date "2020.04.15"]
[Round "9"]
[White "Sevian, Samuel"]
[Black "Nagy, Gabor1"]
[Result "0-1"]
[WhiteTitle "GM"]
[BlackTitle "IM"]
[WhiteElo "2660"]
[BlackElo "2502"]
[WhiteFideId "2040506"]
[BlackFideId "737119"]
[EventDate "2020.04.15"]
[EventType "blitz"]

1. e4 c5 2. Nf3 e6 3. d4 cxd4 4. Nxd4 Nc6 5. Nc3 Qc7 6. Be3 Nf6 7. f4 Bb4 8. Nb5
Qa5 9. e5 Nd5 10. Bd2 Nxc3 11. Bxc3 O-O 12. Qd2 f6 13. exf6 Rxf6 14. a3 Bxc3 15.
Nxc3 d5 16. Bd3 Bd7 17. O-O Rc8 18. Rf2 Qb6 19. Rb1 Ne7 20. Nd1 Be8 21. Ne3 Bg6
22. Ng4 Rff8 23. Ne5 Bxd3 24. Nxd3 Nf5 25. Re1 Rc4 26. Kh1 Rf6 27. Rf3 Nd6 28.
Rfe3 Re4 29. b3 Rxe3 30. Rxe3 Ne4 31. Qe1 Qd4 32. Re2 h6 33. h3 Rg6 34. Kh2 Rf6
35. Qa5 Kh7 36. Qc7 b5 37. Qc6 e5 38. Qxb5 exf4 39. Qb4 Qxb4 40. Nxb4 Ng3 41.
Re5 d4 42. Nd5 Rf7 43. Kg1 g5 44. Kf2 Kg6 45. Kf3 Nf5 46. Re6+ Kg7 47. Re4 Rd7
48. Nb4 Rc7 49. Kf2 a5 50. Nd5 Rxc2+ 51. Kf3 Nh4+ 52. Kg4 Rxg2+ 53. Kh5 Nf5 54.
Re5 Ng3+ 55. Kg4 Re2 56. Rxe2 Nxe2 57. Kf3 d3 58. Kf2 Kf7 59. b4 Ke6 60. Nc7+
Kd7 61. Nb5 a4 0-1

[Event "1st Abu Dhabi Super Blitz"]
[Site "chess.com INT"]
[Date "2020.04.15"]
[Round "9"]
[White "Nihal, Sarin"]
[Black "Van Foreest, Jorden"]
[Result "1-0"]
[WhiteTitle "GM"]
[BlackTitle "GM"]
[WhiteElo "2620"]
[BlackElo "2682"]
[WhiteFideId "25092340"]
[BlackFideId "1039784"]
[EventDate "2020.04.15"]
[EventType "blitz"]

1. d4 d5 2. Bf4 Nf6 3. e3 e6 4. Nf3 c5 5. c3 Bd6 6. Bg3 Qc7 7. dxc5 Qxc5 8. Nbd2
O-O 9. Bd3 Nbd7 10. e4 Bxg3 11. hxg3 dxe4 12. Nxe4 Nxe4 13. Bxe4 Nf6 14. Qe2 Bd7
15. Ne5 Bb5 16. Bxh7+ Nxh7 17. Qh5 Bd3 18. Nxd3 Qxh5 19. Rxh5 Nf6 20. Rb5 Rfd8
21. Rd1 b6 22. a4 Ne4 23. Rb4 f5 24. g4 Nf6 25. Ne5 Rxd1+ 26. Kxd1 Rc8 27. Rd4
Rc5 28. Nd3 Rc7 29. g5 Ne4 30. g6 Kf8 31. f3 Nf6 32. Ne5 Ke7 33. Kd2 Ne8 34. b4
Kf6 35. f4 Ke7 36. c4 Nd6 37. Kd3 Ne4 38. Ke3 a5 39. b5 Nc5 40. Nc6+ Kf6 41. Rd8
Nxa4 42. Ne5 Nb2 43. Kd4 Na4 44. Rf8+ Ke7 45. Rg8 Kf6 46. Rf8+ Ke7 47. Rb8 Kf6
48. g3 Ke7 49. Rg8 Kf6 50. Rf8+ Ke7 51. Rg8 Kf6 52. Rb8 Ke7 53. Kd3 Nc5+ 54. Kc3
Kf6 55. Rf8+ Ke7 56. Rb8 Kf6 57. Kc2 Na4 58. Kb3 Nc5+ 59. Ka3 Ne4 60. Rxb6 Nxg3
61. Rc6 Rb7 62. b6 Nh5 63. Rc7 Rxb6 64. Rf7# 1-0

[Event "1st Abu Dhabi Super Blitz"]
[Site "chess.com INT"]
[Date "2020.04.15"]
[Round "9"]
[White "Ozen, Bahadir"]
[Black "Swiercz, Dariusz"]
[Result "1/2-1/2"]
[WhiteTitle "IM"]
[BlackTitle "GM"]
[WhiteElo "2369"]
[BlackElo "2649"]
[WhiteFideId "6337058"]
[BlackFideId "1126881"]
[EventDate "2020.04.15"]
[EventType "blitz"]

1. Nf3 Nf6 2. c4 g6 3. Nc3 Bg7 4. e4 d6 5. d4 O-O 6. Be2 Nbd7 7. Bf4 c5 8. d5 b5
9. cxb5 a6 10. O-O axb5 11. Bxb5 Ba6 12. a4 Qa5 13. Re1 Bxb5 14. axb5 Qb4 15.
Qc2 Ng4 16. Bd2 Nge5 17. Nxe5 Nxe5 18. Ra6 Rxa6 19. bxa6 Qa5 20. b4 cxb4 21. Na2
Qxa6 22. Nxb4 Qb5 23. Nc6 Nxc6 24. dxc6 Rc8 25. Rc1 Bd4 26. Qc4 Qxc4 27. Rxc4
Bc5 28. Kf1 Rxc6 29. Ra4 f6 30. Ke2 Kf7 31. f4 Rb6 32. h3 Rb3 33. Rc4 h5 34. Ra4
Ke6 35. Rc4 f5 36. Ra4 Rg3 37. Kf1 Rd3 38. Ke2 Rb3 39. Rc4 Rb2 40. Ra4 Kd7 41.
Kd3 Rb3+ 42. Ke2 Kc6 43. exf5 gxf5 44. Ra8 Rb2 45. Kd3 e5 46. fxe5 dxe5 47. g4
fxg4 48. hxg4 hxg4 49. Rg8 e4+ 50. Kc3 Ra2 51. Rxg4 e3 52. Be1 Ra1 53. Rg1 Kd5
54. Kd3 Ra3+ 55. Ke2 Ra2+ 56. Kd3 Ra3+ 57. Ke2 Ra2+ 58. Kd3 Kc6 59. Rg6+ Kb5 60.
Re6 Ra3+ 61. Ke2 Ra2+ 62. Kd3 Ra3+ 63. Ke2 Kc4 64. Bg3 Ra2+ 65. Kf3 Kd3 66. Re8
Bd4 67. Rd8 Ra1 68. Be5 Ra4 69. Rxd4+ Rxd4 70. Bxd4 Kxd4 71. Ke2 Ke4 72. Ke1 Kf4
73. Ke2 Ke4 74. Ke1 Kd5 75. Ke2 Kd4 76. Ke1 Kd3 77. Kd1 e2+ 78. Ke1 Ke3 1/2-1/2